000 00540nam a22001937a 4500
005 20241104165645.0
010 _aENG-142529
020 _a9788177113556
_c400.00
035 _aEN-126061
037 _bDBAD
082 _a881
100 _aVerma,Satish
_973699
245 _aBambling Roses/
_cBy Satish Verma
250 _aFirst
260 _aJaipur
_bSahityagar
_c2012
270 _a958,Dhamani Market,Chaura Rasta
_bJaipur
_e302003
300 _a102p.
_c22cm(hbk)
942 _2ddc
_cEN
_h881
_mVER
_e2012
999 _c206860
_d206860